Εισαγωγή στο δίκαιο της ευρωπαϊκής ένωσης και της ευρωπαϊκής κοινότητας = Introduction to the law of the European Union and the European community
Αποθηκεύτηκε σε:
| Κύριος συγγραφέας: | |
|---|---|
| Μορφή: | Βιβλίο |
| Γλώσσα: | Greek |
| Δημοσίευση: |
Αθήνα :
Σάκκουλας,
1993.
|
| Έκδοση: | 2η έκδ. |
| Θέματα: | |
| Ετικέτες: |
Προσθήκη ετικέτας
Δεν υπάρχουν, Καταχωρήστε ετικέτα πρώτοι!
|
MARC
| LEADER | 00000cam a2200000 i 4500 | ||
|---|---|---|---|
| 001 | 1/19148 | ||
| 008 | 990422s1993####gr | | ||| |||| ||gre|| | ||
| 035 | |a ΠΑΡ-1997 |b 04/04 |c ΜΑΣΤΡΟΜΑΝΩΛΗΣ |l 10021169 | ||
| 040 | |a GR-MY-UA |e aacr | ||
| 041 | 1 | |a gre | |
| 082 | 0 | |a 341.2422 | |
| 100 | 1 | |a Κανελλόπουλος, Παναγιώτης Ι. | |
| 245 | 1 | 0 | |a Εισαγωγή στο δίκαιο της ευρωπαϊκής ένωσης και της ευρωπαϊκής κοινότητας = |b Introduction to the law of the European Union and the European community / |c Κανελλόπουλος Παν. |
| 246 | 1 | |i Παράλληλος τίτλος: |a Introduction to the law of the european union and the european community | |
| 250 | |a 2η έκδ. | ||
| 260 | |a Αθήνα : |b Σάκκουλας, |c 1993. | ||
| 300 | |a 314 σ. | ||
| 650 | 0 | 0 | |a Law |z European Economic Community countries. |
| 650 | 0 | 0 | |a European cooperation. |
| 650 | 0 | 0 | |a European federation. |
| 852 | |a INST |b CHIOS |e 19990422 |h 341.2422 ΚΑΝ |p 005200014447 |q 005200014447 |t BK |y 0 |z v.1 | ||
| 852 | |a INST |b CHIOS |e 19990422 |h 341.2422 ΚΑΝ |p 005200014447 |q 005200014447 |t BK |v v.1: |y 0 |z v.1 | ||
| 853 | |a INST |b CHIOS |h 341.2422 ΚΑΝ | ||
| 901 | |a BIBL-1999-1 | ||
| 909 | |a Χ |b 065121 | ||
| 922 | |a 2ΕΛΗ |b 199903 |c Μαστρομανώλης |d EMVASIS | ||